|
|
|
|
| LEADER |
00000cam a2200000 7i4500 |
| 001 |
0000001646 |
| 005 |
20010904.0 |
| 090 |
0 |
0 |
|a 551.48309595
|b FED 1962
|
| 110 |
1 |
0 |
|a FEDERATION of Malaya
|c Drainage & Irrigation Department
|
| 245 |
1 |
0 |
|a Hydrological data :
|b streamflow records, 1910-1940
|
| 260 |
0 |
0 |
|a Kuala Lumpur :
|b Art Printing Works ,
|c 1962
|
| 300 |
|
|
|a viii, 247 p. :
|b tables ;
|c 26 cm.
|
| 650 |
0 |
0 |
|a Hydrology
|x Research
|z Malaysia
|
| 998 |
|
|
|a JPSM
|
| 999 |
|
|
|a 0000002848
|b Monograph
|c Open Shelf
|e Default branch
|
| 999 |
|
|
|a 0000002919
|b Monograph
|c Open Shelf
|e Default branch
|